Entry Personal Name
Number of records used in: 2
001 - CONTROL NUMBER
003 - CONTROL NUMBER IDENTIFIER
005 - DATE AND TIME OF LATEST TRANSACTION
- control field:
20210810101435.0
008 - FIXED-LENGTH DATA ELEMENTS
- fixed length control field:
800721n| adannaabn |a aaa
010 ## - LIBRARY OF CONGRESS CONTROL NUMBER
- LC control number:
n 50033737
035 ## - SYSTEM CONTROL NUMBER
- System control number:
(OCoLC)oca00069073
040 ## - CATALOGING SOURCE
- Original cataloging agency:
DLC
- Language of cataloging:
eng
- Transcribing agency:
DLC
- Modifying agency:
DLC
- Modifying agency:
OCoLC
- Modifying agency:
DLC
- Modifying agency:
IEN
046 ## - SPECIAL CODED DATES
100 1# - HEADING--PERSONAL NAME
- Personal name:
Hildebrand, Francis Begnaud
400 1# - SEE FROM TRACING--PERSONAL NAME
- Personal name:
Hildebrand, F. B.
- Fuller form of name:
(Francis Begnaud)
670 ## - SOURCE DATA FOUND
- Source citation:
His Advanced calculus for engineers, 1948.
670 ## - SOURCE DATA FOUND
- Source citation:
His Introduction to numerical analysis ... 1987, c1974:
- Information found:
CIP t.p. (F.B. Hildebrand)
670 ## - SOURCE DATA FOUND
- Source citation:
Info. converted from 678, 2012-10-02
- Information found:
(b. 1915)